[Event "POL-chT IMP email"]
[Site "POL email"]
[Date "2005.??.??"]
[Round "2"]
[White "Sadowski, Marek"]
[Black "Dworski, Grzegorz"]
[Result "1/2-1/2"]
[WhiteElo "2080"]
[BlackElo "1800"]
[PlyCount "50"]
[EventDate "2005.??.??"]
[EventType "tourn (corr)"]
[EventRounds "15"]
[EventCountry "POL"]
[SourceTitle "Corr 2008"]
[Source "ChessBase"]
[SourceDate "2008.06.24"]
[SourceVersion "1"]
[SourceVersionDate "2008.06.24"]
[SourceQuality "1"]

1. e4 c5 2. Nf3 Nc6 3. d4 cxd4 4. Nxd4 Nf6 5. Nc3 e5 6. Ndb5 d6 7. Bg5 a6 8. Na3 b5 9. Bxf6 gxf6 10. Nd5 f5 11. c3 Bg7 12. exf5 Bxf5 13. Nc2 Be6 14. g3 0-0 15. Bg2 a5 16. 0-0 f5 17. Qe2 Rb8 18. Rfd1 Kh8 19. Rd2 e4 20. Nf4 Bf7 21. Ne3 Ne7 22. Rad1 Be5 23. f3 exf3 24. Bxf3 Bxa2 25. Nd3 Ng6 1/2-1/2

[Event "POL-chT IMP email"]
[Site "POL email"]
[Date "2005.??.??"]
[Round "9"]
[White "Wojcik, Wieslaw"]
[Black "Dworski, Grzegorz"]
[Result "1/2-1/2"]
[WhiteElo "1800"]
[BlackElo "1800"]
[PlyCount "67"]
[EventDate "2005.??.??"]
[EventType "tourn (corr)"]
[EventRounds "15"]
[EventCountry "POL"]
[SourceTitle "Corr 2008"]
[Source "ChessBase"]
[SourceDate "2008.06.24"]
[SourceVersion "1"]
[SourceVersionDate "2008.06.24"]
[SourceQuality "1"]

1. e4 c5 2. Nf3 Nc6 3. d4 cxd4 4. Nxd4 Nf6 5. Nc3 e5 6. Ndb5 d6 7. Bg5 a6 8. Na3 b5 9. Nd5 Be7 10. Bxf6 Bxf6 11. Bd3 0-0 12. 0-0 Bg5 13. c4 b4 14. Nc2 a5 15. a3 b3 16. Nce3 a4 17. Nc3 Be6 18. Ned5 Nd4 19. Rb1 Re8 20. Re1 Bxd5 21. Nxd5 Ra5 22. Rf1 Rc5 23. Nc3 Qd7 24. Kh1 Kh8 25. Nd5 Qe6 26. Nb6 Ra5 27. Nd5 Ra7 28. Qh5 f6 29. Qd1 Qc8 30. Qe1 Rb7 31. Rd1 Qc5 32. g3 Bh6 33. f4 Rbb8 34. Qd2 1/2-1/2

[Event "IECC CL5-2004.08 email"]
[Site "IECC email"]
[Date "2004.03.13"]
[Round "?"]
[White "Slavin, Pablo"]
[Black "Dworski, Grzegorz"]
[Result "0-1"]
[WhiteElo "1529"]
[BlackElo "1575"]
[PlyCount "70"]
[EventDate "2004.??.??"]
[EventType "tourn (corr)"]
[EventRounds "4"]
[SourceTitle "Corr 2008"]
[Source "ChessBase"]
[SourceDate "2008.06.24"]
[SourceVersion "1"]
[SourceVersionDate "2008.06.24"]
[SourceQuality "1"]

1. e4 c5 2. Nc3 Nc6 3. Nf3 d6 4. d4 cxd4 5. Nxd4 Nf6 6. Bg5 e6 7. Qd2 a6 8. 0-0-0 h6 9. Nxc6 bxc6 10. Be3 Be7 11. f3 Rb8 12. g4 Qa5 13. h4 Nd7 14. Ba7 Rb7 15. Bd4 0-0 16. g5 c5 17. Bf2 h5 18. f4 Qb4 19. b3 a5 20. Kb2 Nb6 21. Qe2 d5 22. exd5 exd5 23. Nxd5 Nxd5 24. Rxd5 Bg4 25. Qe3 c4 26. Ka1 Rc8 27. Bg2 cxb3 28. Qxb3 Be6 29. Rhd1 Qxb3 30. cxb3 Bxd5 31. Bxd5 Rd8 32. Bf3 Rxd1+ 33. Bxd1 Rb4 34. Bg3 Rd4 35. Be2 Rd2 0-1

[Event "IECC Swiss-474.1"]
[Site "IECC email"]
[Date "2003.11.04"]
[Round "?"]
[White "Keiper, Archie"]
[Black "Dworski, Grzegorz"]
[Result "0-1"]
[WhiteElo "1842"]
[BlackElo "1537"]
[PlyCount "80"]
[EventDate "2003.??.??"]
[EventType "swiss (corr)"]
[EventRounds "1"]
[SourceTitle "Corr 2020"]
[Source "ChessBase"]
[SourceDate "2019.09.30"]
[SourceVersion "1"]
[SourceVersionDate "2019.09.30"]
[SourceQuality "1"]
[WhiteTeam "United States"]
[BlackTeam "Poland"]
[WhiteTeamCountry "USA"]
[BlackTeamCountry "POL"]

1. e4 c5 2. d4 cxd4 3. c3 dxc3 4. Nxc3 d6 5. Bc4 Nf6 6. Nf3 e6 7. 0-0 Be7 8. e5 dxe5 9. Qxd8+ Bxd8 10. Nxe5 Nbd7 11. Bf4 Nh5 12. Nxd7 Nxf4 13. Ne5 0-0 14. Rad1 b6 15. g3 Ng6 16. Nxg6 hxg6 17. Bb5 Bf6 18. Bc6 Rb8 19. Rfe1 Bb7 20. Bxb7 Rxb7 21. Rc1 Rd8 22. Red1 Rc7 23. Rxd8+ Bxd8 24. Ne2 Rxc1+ 25. Nxc1 e5 26. f3 f5 27. Nd3 Bc7 28. Kf1 Kf7 29. Ke2 Ke6 30. b3 Bd6 31. Ne1 g5 32. h3 Bc5 33. Nc2 Kd5 34. a3 e4 35. fxe4+ Kxe4 36. a4 a5 37. Ne1 Kd4 38. Nf3+ Kc3 39. Nxg5 Kxb3 40. Ne6 Kxa4 0-1